Normal view MARC view
  • System

Entry Topical Term

Number of records used in: 1

001 - CONTROL NUMBER

  • control field: 112533

003 - CONTROL NUMBER IDENTIFIER

  • control field: NUST

005 - DATE AND TIME OF LATEST TRANSACTION

  • control field: 20230523113054.0

008 - FIXED-LENGTH DATA ELEMENTS

  • fixed length control field: 230523|| aca||aabn | a|a d

040 ## - CATALOGING SOURCE

  • Original cataloging agency: NUST
  • Transcribing agency: NUST

150 ## - HEADING--TOPICAL TERM

  • Topical term or geographic name entry element: System

670 ## - SOURCE DATA FOUND

  • Source citation: Work cat.: (NUST)176148: Thomas, Alan 112532, Modelling and Community Decisions :, 1975
© 2023 Central Library, National University of Sciences and Technology. All Rights Reserved.